000 00167nam a2200097Ia 4500
100 _a#N/A
942 _cBK
245 _aTech Vidio
260 _b#N/A
546 _aENGLISH
999 _c34598
_d34598